=LDR 00000nam 2200000 4500 =001 INLIS000000000037389 =005 20200812012006 =035 ##$$a 0010-061300000037389 =008 200812################g##########0#ind## =041 ##$$a Ind =082 ##$$a 2x5.1 =090 ##$$a 2x.5., Kar m =100 1#$$a Karim, Abdul D.S =245 1#$$a Menggapai sukses dunia akhirat /$c Abdul Karim D.S ; editor MY Rohmad =260 ##$$a Jakarta :$b Studia Press,$c 2010 =300 ##$$a 176 hlm. ; $c 16x24 cm. =650 #4$$a Akhlak =850 ##$$a NBPNMAT =020 ##$$a 979-376-069-9 =084 ##$$a 2x5.1 KAR m =700 #$$a Rohmad, MY =504 ##$$a Bibliografi : hlm. 169 -171 =990 ##$$a 21105512 =990 ##$$a 21105511 =990 ##$$a 0001/BPAP-NTB/20142015 =990 ##$$a 21105513